Statistics for Europa League Winners

Click here to take the quiz!

General Stats

  • This quiz has been taken 30 times
  • The average score is 22 of 33

Answer Stats

YearWinner% Correct
2022-23Sevilla
100%
2019-20Sevilla
93%
2015-16Sevilla
89%
2014-15Sevilla
89%
2013-14Sevilla
89%
2018-19Chelsea
85%
2016-17Manchester United
85%
2005-06Sevilla
85%
2006-07Sevilla
85%
2012-13Chelsea
81%
2017-18Atlético Madrid
78%
2021-22Eintracht Frankfurt
78%
2002-03Porto
78%
2011-12Atlético Madrid
74%
1991-92Ajax
70%
2009-10Atlético Madrid
70%
2010-11Porto
70%
2001-02Feyenoord
63%
1993-94Inter Milan
63%
1997-98Inter Milan
63%
1990-91Inter Milan
63%
1992-93Juventus
63%
2003-04Valencia
63%
1995-96Bayern Munich
59%
2020-21Villarreal
59%
2000-01Liverpool
56%
1994-95Parma
48%
1998-99Parma
48%
1999-00Galatasaray
41%
1996-97Schalke 04
37%
2008-09Shakhtar Donetsk
33%
2007-08Zenit Saint Petersburg
33%
2004-05CSKA Moscow
22%

Score Distribution

Percentile by Number Answered

Percent of People with Each Score

Your Score History

You have not taken this quiz